000
00495nam a2200181Ia 4500
008
090124s9999 xx 000 0 und d
082
_b
123560
100
_a
साठे माया
245
_a
पाटलाचा वाडा
250
_a
1
260
_c
1989
300
_a
178
600
_a
साठे माया
630
_a
पाटलाचा वाडा
700
_a
साठे माया
730
_a
पाटलाचा वाडा
942
_c
BOOK
999
_c
169647
_d
169647